| 000 -LEADER |
| fixed length control field |
01348pab a2200205 454500 |
| 008 - FIXED-LENGTH DATA ELEMENTS--GENERAL INFORMATION |
| fixed length control field |
180718b2011 xxu||||| |||| 00| 0 eng d |
| 100 ## - MAIN ENTRY--PERSONAL NAME |
| Personal name |
Vita, Giuseppe Di |
| 245 ## - TITLE STATEMENT |
| Title |
Curbing corruption in public administration: A case study from Italy |
| 260 ## - PUBLICATION, DISTRIBUTION, ETC. |
| Date of publication, distribution, etc. |
2011 |
| 300 ## - PHYSICAL DESCRIPTION |
| Extent |
p.631-645. |
| 362 ## - DATES OF PUBLICATION AND/OR SEQUENTIAL DESIGNATION |
| Dates of publication and/or sequential designation |
jul-sep |
| 520 ## - SUMMARY, ETC. |
| Summary, etc. |
The aim of this article is to verify whether the historic sentence, no. 500/1999 of the Italian Legitimacy Court (Corte di Cassazione) in Plenary Session, may have contributed to diminshing bribery in Italy, by increasing the area of liability for both civil servants and the public administration. The empirical analysis is based on a case study conducted in Sicily, in the province of Catania, using a unique data set. The main results of the article are: paying bureaucrats by means of an incentive wage regimes may not be effective in reducing corruption; an extension of the liablity rule for the public administration and civil servants may discourage the phenomenon of bribery; and, the perfect specification o f property rights helps to reduced corruption. - Reproduced. |
| 650 ## - SUBJECT ADDED ENTRY--TOPICAL TERM |
| Topical term or geographic name entry element |
Corruption - Case studies |
| 650 ## - SUBJECT ADDED ENTRY--TOPICAL TERM |
| Topical term or geographic name entry element |
Public administration - Italy |
| 650 ## - SUBJECT ADDED ENTRY--TOPICAL TERM |
| Topical term or geographic name entry element |
Corruption - Italy |
| 650 ## - SUBJECT ADDED ENTRY--TOPICAL TERM |
| Topical term or geographic name entry element |
Corruption |
| 773 ## - HOST ITEM ENTRY |
| Main entry heading |
International Journal of Public Administration |
| 908 ## - PUT COMMAND PARAMETER (RLIN) |
| Put command parameter |
N |
| 909 ## - |
| -- |
94212 |